00254cam a22000857a 4500008004000000100002100040245004600061260005200107300000900159180718b1986 xxu||||| |||| 00| 0 eng d aGaba, Om Prakash aSanvidhanvaad (Hindi)cby Om Prakash Gaba aDelhibHindi Madhyam Karyanvay Nideshalyac1986 a49p.